000 00640nam a2200229Ia 4500
003 OSt
005 20221006164956.0
006 a|||||r|||| 00| 0
007 ta
008 221006b |||||||| |||| 00| 0 eng d
024 _a6,981
037 _cTextual
040 _aFML
_cFML
_beng
041 _2eng
_aeng
082 _aO:g(Y:351), N5
100 _aBarua Navakanta Au.
_9678799
245 0 _aFolk ways In Litrature
_b An Aesthetic Imprative
260 _aNew Delhi
_bSahitya Acadmy India
_c1995
300 _a26
_ccm.
942 _hO:g(Y:351), N5
_cTEXL
_2CC
999 _c1119141
_d1119141